[Event "RUS-ch"]
[Site "Krasnodar"]
[Date "2002.08.27"]
[Round "1"]
[White "Riazantsev, Alexander"]
[Black "Malinin, Yuri"]
[Result "1-0"]
[WhiteElo "2537"]
[BlackElo "2412"]
[Annotator "Kapengut"]
[PlyCount "131"]
[EventDate "2002.08.27"]
[EventType "swiss"]
[EventRounds "9"]
[EventCountry "RUS"]
[SourceTitle "CBM 091"]
[Source "ChessBase"]
[SourceDate "2002.11.12"]
[SourceVersion "1"]
[SourceVersionDate "2002.11.12"]
[SourceQuality "1"]

1. d4 Nf6 2. c4 e6 3. Nf3 c5 4. d5 exd5 5. cxd5 g6 6. Nc3 Bg7 7. Bf4 d6 8. Qa4+
Bd7 9. Qb3 Qc7 {Some years ago, this move was made automaically,but nowadays
an intensive quest for counterplay is being conducted, connected with a pawn
sacrifice.} ({The most interesting move is} 9... b5 $1) 10. h3 O-O 11. e3 {
This position is reminiscent of those arising from the system 7.Bg5. Black
should also fallow the similar plan.} a6 $6 (11... Na6 12. Nd2 $5 {Dementjev.O}
(12. Be2 b5 $1 13. Bxb5 Bxb5 14. Qxb5 Nb4 $1 15. O-O (15. Rb1 Rab8 16. Qe2 c4
$15 {Berezin,I-Romanov,I/Moscow 1958}) 15... Nfxd5 16. Nxd5 Nxd5 17. Bh2 Rfd8
18. Rad1 Rab8 19. Qc4 Nf6 20. b3 Qc6 21. Rd3 Rbc8 22. Rfd1 d5 23. Qc2 Ne4 $132
{Ivanov,M-Womacka,M/Leutersdorf 2001}) 12... Rab8 (12... Rfd8 $6 13. Rc1 $5 (
13. Be2 b5 $13) 13... Rab8 14. a4 Nb4 15. Be2 a6 $6 (15... Be8 $5 {/\ Qe7
Petrosian,A}) 16. O-O b5 $6 (16... Be8 17. Nce4 Nxe4 18. Nxe4 Qe7 19. Nxd6 $1
Rxd6 20. Rxc5 $17) 17. axb5 axb5 18. Nce4 $1 Nxe4 19. Nxe4 Bf5 20. Nxc5 $1 Qa5
21. Ra1 Qb6 22. Ne6 $1 $18 {Petrosian,A-Gutierrez,J/Tunja 1987/Inf 44}) (12...
b5 $6 13. Bxb5 Bxb5 14. Nxb5 (14. Qxb5 $2 Nb4 $1 $15) 14... Qa5 15. Nxd6 $1 (
15. Nc3 Rab8 16. Qc2 Nb4 17. Qb1 Qa6 $17) 15... Rab8 16. Nb7 $1 Rxb7 17. Qxb7
Nxd5 18. Qxd5 Rd8 19. Qxd8+ Qxd8 20. Rd1 Bxb2 21. O-O Qc8 22. Ne4 $132 {
Aptekar,L-Anderson,B/NZD-ch Auckland 1977}) 13. a4 Nb4 14. Nc4 Ne8 15. Rd1 a6 (
15... Bxa4 $2 16. Qxa4 (16. Nxa4 $2 b5) 16... Bxc3+ 17. bxc3 b5 18. Qa5 $1 $16)
(15... f5 $5) 16. a5 Bb5 $1 $132 17. Nxb5 $6 axb5 18. Nb6 {[#]} Ra8 $3 {
A bolt from the blue!} 19. Ra1 $5 (19. Nxa8 Qxa5 20. Rd2 (20. Ke2 $5 Qxa8 $8
21. Kf3 b6 $5 22. Bxb5 (22. e4 f5 $1 $13) 22... Nc7 23. Bc6 Nxc6 24. dxc6 Qxc6+
25. e4 (25. Kg3 d5 $1) 25... Bd4 (25... Nb5 26. Qd5 $14) 26. Rhe1 Re8 $44)
20... c4 $2 (20... g5 $1 21. Bg3 (21. Bxg5 Nf6 22. f3 c4 $1 $17) 21... f5 $1
22. Be2 $6 c4 $1 23. Bxc4 bxc4 24. Qxc4 f4 $1 25. exf4 gxf4 26. Bh4 (26. Bxf4
$2 Rxf4 $1 $19) 26... Nf6 27. Nc7 Rc8 28. Qb5 Nc2+ 29. Ke2 Qxc7 $17) 21. Bxc4
$1 bxc4 22. Qxc4 Na6 23. b4 $1 (23. Qb3 $6 Nc5 24. Qa3 Qb5 $1 {Velichko,
J-Peresypkin,V/Kaliningrad 1984/Inf 38} 25. b4 $1 $14 Na6 (25... Ne4 26. Rc2 $1
) (25... Na4 26. Rc2 $1) 26. Qd3) 23... Nxb4 (23... Qxb4 24. Qxb4 Nxb4 25. O-O
Bc3 26. Rdd1 $16) (23... Qa1+ 24. Rd1 Qc3+ 25. Qxc3 Bxc3+ 26. Ke2 Bxb4 27. Nb6
$16) 24. O-O Na6 25. Rc2 $16 {Bangiev,A}) 19... Qxb6 $1 (19... Rxa5 $6 20. Rxa5
Qxb6 21. Rxb5 Qa7 22. Be2 $1 Qa1+ 23. Bd1 $16) 20. axb6 Rxa1+ 21. Ke2 $1 (21.
Kd2 $2 Rb1 $17) 21... Rb1 (21... Bxb2 22. Kf3) (21... Ra4 22. Kf3 c4 23. Bxc4
$16) 22. Kf3 Rxb2 23. Qa3 (23. Qd1 c4 $15) 23... Ra2 (23... c4 24. Qa7 c3 25.
Qxb7 c2 26. Qc8 $1 $16) 24. Qb3 (24. Qa7 $6 Rxa7 25. bxa7 Nf6 $1 26. Bxd6 Ra8
27. Bxc5 Nfxd5 $15) 24... Rb2 25. Qa3 Ra2 $11 {Bangiev,A}) ({However} 11... b5
$5 {is interesting:} 12. Bxb5 Bxb5 13. Nxb5 Qa5+ $15) 12. a4 Bc8 $6 $146 ({
Dubiously:} 12... h6 $6 13. Nd2 g5 14. Bh2 Bf5 15. Nc4 Rd8 16. Qb6 Qxb6 17.
Nxb6 Ra7 18. a5 Ne8 19. f3 Nd7 20. e4 Bg6 21. Nc4 $16 {Sanna,G-Messa,R/ITA-ch
1986}) (12... Bf5 13. Nd2 {[%csl Rd6][%cal Gd2c4,Gc4b6]} g5 (13... Nbd7 14. Nc4
Ne8 15. e4 $5 (15. Be2 $36) 15... Bxc3+ 16. Qxc3 Bxe4 17. Bh6 Nef6 $13) 14.
Bxg5 Nbd7 15. Be2 $6 (15. a5 $5 $16 {AK}) 15... b5 $1 $44 16. axb5 axb5 17. O-O
(17. Rxa8 Rxa8 18. Nxb5 Ra1+ 19. Bd1 Qa5 20. Nc3 Bd3 $44 {[%csl Re1]}) 17... b4
18. Nb5 Qb6 19. Bf4 Ne5 20. Rxa8 (20. Nxd6 Qxd6 21. Nc4 Nxc4 $5 22. Bxd6 Nxd6
23. f3 $1 Rxa1 24. Rxa1 Re8 $1 $13) 20... Rxa8 21. Na3 Qd8 $1 22. Nab1 (22.
Nac4 Nxd5 23. Bxe5 dxe5 24. e4 Nf4 $17) (22. Nc2 $5 Nxd5 $1 23. Qxd5 Be6 $1 (
23... Bxc2 24. Nf3 Nxf3+ 25. Bxf3 Ra6 $14) 24. Qb7 Rb8 $11 {AK}) 22... Ra1 23.
Bg5 h6 24. Bh4 (24. Bxf6 Qxf6 25. e4 Bd7 26. f4 Ng6 $15 {/^a1-h8}) 24... Bd7 (
24... Ng6 $1 25. Bg3 (25. Bxf6 Qxf6 26. e4 Bd7 27. Nc4 Nf4 $36) 25... Bxb1 26.
Nxb1 (26. Rxb1 Rxb1+ 27. Nxb1 Ne4 28. Bh2 Qh4 $17) 26... Ne4 27. Bh2 Qh4 $36)
25. e4 Ba4 26. Qe3 Bc2 27. b3 Ng6 28. Bg3 Qe7 29. Bf3 $8 (29. Bd3 Nxd5 $1 30.
exd5 Qxe3 31. fxe3 Bxd3 $19) 29... Ne5 $132 {Shamkovich,L-Littlewood,P/
Ramsgate 1984/Inf 39 Littlewood,P.}) 13. Nd2 Nbd7 14. Nc4 $16 {White has a
clear advantage because of the weaknesses of squares d6 and b6.} Ne5 (14... Ne8
15. Ne4 $16) 15. Bxe5 dxe5 16. Be2 ({From my point of view, White has to do
the principle move:} 16. e4 $5 Ne8 17. a5 Nd6 18. Nxd6 Qxd6 19. Na4 Bd7 20. Qb6
$1 Qxb6 21. Nxb6 Rad8 22. Rc1 $16 {[%csl Gb6,Rb7,Rc5]}) 16... Bd7 (16... e4 $5
17. a5 Bf5 $14) 17. a5 e4 $5 18. O-O Rad8 19. Rfd1 Bb5 20. Nb6 Bxe2 21. Nxe2 h5
22. Rd2 Rfe8 ({Is a possible continuation of the play:} 22... Nd7 $5 23. d6 (
23. Rc1 Ne5 {[%cal Ge5d3]} 24. Nf4 Bh6 $132) 23... Qc6 24. Nf4 {[%csl Rg6]
[%cal Gb3g8]} (24. Rad1 $6 Nxb6 25. Qxb6 Qxb6 26. axb6 Rd7 $15) 24... Nxb6 25.
Nxg6 $5 Rfe8 (25... c4 $2 26. Ne7+ Kh7 27. Qd1 {[%csl Rh5][%cal Gd1h5]} Qc5 28.
axb6 $18) 26. axb6 Rxd6 $1 (26... c4 $140 $6 27. Ne7+ Rxe7 28. dxe7 Rxd2 29.
Qa4 $1 $18 {[%csl Ge7][%cal Ge7e8]}) 27. Rxd6 Qxd6 28. Nf4 $132) 23. Rad1 Nd7
24. d6 $5 Qc6 25. Nd5 Kf8 (25... Qxd6 $140 $2 26. Nb6 $18 {[%csl Rd7]}) 26. Ne7
Qb5 27. Qc2 Qb4 28. Nf4 Nf6 29. Nfd5 Qxa5 30. Nxf6 Bxf6 31. Qxe4 Rd7 (31... Kg7
) 32. Nxg6+ $5 fxg6 33. Qxg6 Qd8 34. Qxh5 Re5 35. Qf3 b5 $6 (35... c4 $5 {
[%csl Rb2,Rd6,Rf6,Rf8]} 36. Qf4 (36. Rd4 $140 $6 b5 37. Qc6 Re6 $17) 36... b5
37. g4 $1 Kg7 38. h4 Re6 39. g5 Be5 40. Qf5 Qe8 41. h5 Bxd6 42. Rd5 (42. f4 $6
Rxe3 $11) 42... Rf7 43. Qg4 $13) 36. Qc6 c4 37. Qxa6 Rc5 $2 (37... Qe8 38. Rd5
Qh5 $5 39. Qc6 (39. Qxb5 $140 $4 {[%csl Rb5]} Qxd1+ $19) 39... Rd8 40. R1d4 $1
{[%cal Gd4f4]} Rxd5 41. Rxd5 Qe2 42. Qxb5 $16 {[%csl Rc4,Gd6]}) 38. Rd5 Rxd5
39. Rxd5 Qb8 40. Rxb5 Qxd6 41. Qc8+ Rd8 42. Qxc4 $18 {The rest is silence.}
Qd1+ 43. Kh2 Qd6+ 44. g3 Rd7 45. Rf5 Ke7 46. b4 Rc7 47. Rc5 Rd7 48. Rh5 Kf8 49.
b5 Rc7 50. Qe4 Rc1 51. Qa8+ Kf7 52. Qb7+ Ke6 53. Qe4+ Kf7 54. Qh7+ Kf8 55. Rf5
Ke8 56. Qg8+ Ke7 57. Qh7+ Kd8 58. Qf7 Be5 59. Qg8+ Kc7 60. Qg4 Kb6 61. Qf3 Bb2
62. Rf7 Qd2 63. Qb7+ Ka5 64. Rf4 Qd6 65. Qa7+ Kxb5 66. Qb7+ 1-0

[Event "EU-chT (Men) 18th"]
[Site "Porto Carras"]
[Date "2011.11.11"]
[Round "9.2"]
[White "Parligras, Mircea Emilian"]
[Black "Gashimov, Vugar"]
[Result "0-1"]
[WhiteElo "2650"]
[BlackElo "2757"]
[Annotator "Kruttika,Nadig"]
[PlyCount "102"]
[EventDate "2011.11.03"]
[EventType "team-swiss"]
[EventRounds "9"]
[EventCountry "GRE"]
[SourceTitle "CBM 146"]
[Source "ChessBase"]
[SourceDate "2012.01.18"]
[SourceVersion "1"]
[SourceVersionDate "2012.01.18"]
[SourceQuality "1"]
[WhiteTeam "Romania"]
[BlackTeam "Azerbaijan"]
[WhiteTeamCountry "ROU"]
[BlackTeamCountry "AZE"]

1. d4 Nf6 2. c4 c5 3. d5 e6 4. Nc3 exd5 5. cxd5 d6 6. Nf3 a6 7. a4 g6 8. Bf4
Bg7 9. h3 O-O 10. e3 Ne8 11. Be2 Nd7 12. O-O Qe7 13. a5 Rb8 14. Nd2 Ne5 15. Na4
Bd7 16. Nb6 Bb5 17. Re1 f5 18. Qb3 Nc7 19. Ndc4 Nf7 20. Rad1 Qf6 21. Bg3 Rbd8
22. Na4 Na8 23. Nc3 Bxc4 24. Bxc4 (24. Qxc4 Ne5 25. Qb3 Qf7 26. Qa3 Nc7 27. b4
$16) 24... Rb8 25. Na4 (25. Qa3 b5 26. axb6 Rxb6 27. Na4 Rb4 28. Be2 $14) 25...
Ne5 26. Bf1 {now white is out of opportunities} Qd8 27. Nb6 Nxb6 28. axb6 Qe7
29. Bxe5 Qxe5 30. Rb1 f4 31. Qc4 Qg5 32. exf4 Rxf4 33. Re4 Bd4 34. Rxf4 Qxf4
35. Qe2 Rf8 36. Kh1 Bxf2 37. Qe6+ Kg7 38. Be2 Rf6 39. Qg4 Qe5 40. Bf3 h5 41.
Qc8 Rf7 42. Qe6 Qg3 43. Rf1 Bd4 44. Qe1 Qxe1 45. Rxe1 Bxb2 46. Re8 a5 47. Be2
a4 48. Ra8 a3 49. g4 hxg4 50. hxg4 Kh6 51. Bb5 Rf4 0-1

[Event "VTsSPS-ch"]
[Site "Yaroslavl"]
[Date "1979.??.??"]
[Round "?"]
[White "Borisenko, Georgy Konstantinov"]
[Black "Kapengut, Albert Z"]
[Result "1/2-1/2"]
[WhiteElo "2430"]
[BlackElo "2465"]
[Annotator "Laios,S"]
[PlyCount "76"]
[EventDate "1979.02.27"]
[EventType "tourn"]
[EventRounds "15"]
[EventCountry "URS"]
[SourceTitle "EXT 2005"]
[Source "ChessBase"]
[SourceDate "2004.11.15"]
[SourceVersion "1"]
[SourceVersionDate "2004.11.15"]
[SourceQuality "1"]

1. d4 Nf6 2. c4 c5 3. d5 e6 4. Nc3 exd5 5. cxd5 d6 6. Nf3 g6 7. Nd2 Bg7 8. Nc4
O-O 9. Bf4 Na6 10. e3 Ne8 11. Be2 f5 12. h4 Nac7 13. a4 b6 14. Qb3 Rb8 15. Nb5
Nxb5 16. axb5 Rb7 17. Rd1 h6 18. Kf1 Qf6 19. Bg3 Rd7 20. f3 Qf7 21. Be1 Nf6 22.
Na3 Nh5 23. g3 Re7 24. Nc4 Rd8 25. Bf2 Bb7 26. Na3 Rde8 27. Rd2 Rxe3 28. Bxe3
Nxg3+ 29. Kg2 f4 30. Bf2 Nxh1 (30... Rxe2 $1 31. Rxe2 Nxe2 32. Qd3 Nd4 33. Bxd4
Bxd4) 31. Kxh1 Rxe2 32. Rxe2 Bxd5 33. Qd3 c4 34. Re8+ Kh7 35. Qe2 Bxf3+ 36.
Qxf3 Qxe8 37. Nxc4 Qxb5 38. Nxd6 Qxb2 1/2-1/2

[Event "Tata Steel-B 74th"]
[Site "Wijk aan Zee"]
[Date "2012.01.27"]
[Round "11"]
[White "Timman, Jan H"]
[Black "Cmilyte, Viktorija"]
[Result "1-0"]
[WhiteElo "2571"]
[BlackElo "2503"]
[Annotator "Let's Check"]
[PlyCount "75"]
[EventDate "2012.01.14"]
[EventType "tourn"]
[EventRounds "13"]
[EventCountry "NED"]
[EventCategory "15"]
[SourceTitle "CBM 147"]
[Source "ChessBase"]
[SourceDate "2012.03.16"]
[SourceVersion "1"]
[SourceVersionDate "2012.03.16"]
[SourceQuality "1"]

1. d4 Nf6 2. c4 e6 3. Nf3 c5 4. d5 d6 5. Nc3 exd5 6. cxd5 g6 7. Bf4 a6 8. Nd2
b5 9. a4 Nh5 10. Be3 b4 11. Nce4 f5 12. g4 fxg4 13. h3 g3 14. fxg3 Bg7 15. Bg5
Nf6 16. Bg2 O-O 17. O-O a5 18. Nc4 Ba6 19. Ncxd6 Nbd7 20. Qd2 c4 21. Kh2 Qe7
22. Nxf6+ Nxf6 $6 (22... Bxf6 23. Bxf6 Nxf6 $16) 23. Nb5 Rae8 24. d6 Qxe2 25.
d7 Qxd2 26. dxe8=Q Qxg2+ 27. Kxg2 Nxe8 28. Rxf8+ Kxf8 29. Rf1+ Kg8 30. Re1 Bb7+
31. Kf2 Bc6 32. Re2 Bxb5 $2 (32... b3 33. Bd8 Nf6 $16) 33. axb5 $18 Nd6 34. b6
a4 35. Be7 Bd4+ 36. Kf3 Nf5 37. b7 Ba7 38. Bc5 $1 1-0

[Event "EU-ch 13th"]
[Site "Plovdiv"]
[Date "2012.03.29"]
[Round "9"]
[White "Schiendorfer, Emanuel"]
[Black "Nigalidze, Gaioz"]
[Result "0-1"]
[WhiteElo "2349"]
[BlackElo "2472"]
[Annotator "Let's Check Training"]
[PlyCount "82"]
[EventDate "2012.03.20"]
[EventType "swiss"]
[EventRounds "11"]
[EventCountry "BUL"]
[SourceTitle "CBM 148"]
[Source "ChessBase"]
[SourceDate "2012.05.16"]
[SourceVersion "1"]
[SourceVersionDate "2012.05.16"]
[SourceQuality "1"]

1. d4 Nf6 2. c4 e6 3. Nf3 c5 4. d5 exd5 5. cxd5 d6 6. Nc3 a6 7. a4 g6 8. Bf4
Bg7 9. h3 O-O 10. e3 Ne8 11. Be2 Nd7 12. O-O Qe7 13. Nd2 f5 14. Re1 Rb8 15. Qb3
g5 16. Bh2 Kh8 17. Nc4 f4 18. exf4 gxf4 19. Bh5 Ne5 20. Bxe8 Qxe8 21. Nxd6 Qg6
22. Nce4 f3 23. Bg3 fxg2 24. Nxc8 Nf3+ 25. Qxf3 Rxf3 26. Bxb8 Bd4 27. Rad1 $6 (
27. Ra3 Rxa3 28. bxa3 $16) 27... Rxh3 {[%tqu "En","","","","e4g3","",10]} 28.
Ng3 $1 $11 Rxg3 29. Bxg3 Qxg3 30. Re8+ Kg7 31. Re7+ Kf8 32. Rxd4 $1 Qh3 33.
Rxh7 $4 (33. Rf4+ Kg8 34. Re8+ Kg7 35. Rf7+ $1 Kxf7 36. Nd6+ $11) 33... Qxh7
$19 34. Rf4+ Kg8 35. Kxg2 Qc7 36. Rg4+ Kf7 37. Na7 Qb8 38. d6 Qxa7 39. d7 Ke7
40. Rg7+ Kd8 41. a5 c4 0-1